Obálka Náhled e-knihy:
PDF Epub
Pro půjčování e-knih musíte být přihlášeni.
Jak si půjčit online?

Za hranice odolnosti : jak propojit tělo, mysl a výkon /

Kniha určená všem aktivním lidem, kteří chtějí prozkoumat své limity. Elitní český fyzioterapeut představuje inspirativní vhled na tělo jako celek, doporučuje konkrétní cviky, navrhuje jídelníček a radí, jak si užít pohyb bez bolesti a s radostí.

Uloženo v:
Hlavní autor: Novotný, Michal, 1974- (Autor)
Médium: E-kniha
Jazyk:Czech
Vydáno: V Praze : Vyšehrad, 2025
Vydání:Vydání první
Témata:
Tagy:
Žádné tagy
LEADER 02712nam a2200637 i 4500
001 312853
003 CZ PrSKC
005 20260601215730.0
007 ta
008 251015s2025 xr a e f 000 0 cze
015 |a cnb003713868 
020 |a 9788026732884  |q (brožováno) :  |c Kč 399,00 
035 |a (OCoLC)1559932834 
040 |a BOA001  |b cze  |d ABA001  |e rda 
072 7 |a 796  |x Sport. Hry. Tělesná cvičení  |2 Konspekt 
080 |a 159.9.016.1  |2 MRF 
080 |a 159.944  |2 MRF 
080 |a 612.76  |2 MRF 
080 |a 796.012.21  |2 MRF 
080 |a 615.81/.84  |2 MRF 
080 |a 613  |2 MRF 
080 |a (0.062)  |2 MRF 
080 |a (035)  |2 MRF 
100 1 |a Novotný, Michal,  |d 1974-  |7 xx0310961  |4 aut 
245 1 0 |a Za hranice odolnosti :  |b jak propojit tělo, mysl a výkon /  |c Michal Novotný 
250 |a Vydání první 
264 1 |a V Praze :  |b Vyšehrad,  |c 2025 
300 |a 277 stran :  |b barevné ilustrace ;  |c 21 cm 
336 |a text  |b txt  |2 rdacontent 
337 |a bez média  |b n  |2 rdamedia 
338 |a svazek  |b nc  |2 rdacarrier 
500 |a Obsahuje QR kódy s přístupem k doplňujícím informacím 
504 |a Obsahuje bibliografii 
520 2 |a Kniha určená všem aktivním lidem, kteří chtějí prozkoumat své limity. Elitní český fyzioterapeut představuje inspirativní vhled na tělo jako celek, doporučuje konkrétní cviky, navrhuje jídelníček a radí, jak si užít pohyb bez bolesti a s radostí. 
650 0 7 |a mysl a tělo  |7 ph135558  |2 czenas 
650 0 7 |a výkon  |7 ph333378  |2 czenas 
650 0 7 |a psychická odolnost  |7 ph124783  |2 czenas 
650 0 7 |a tělesná kondice  |7 ph126834  |2 czenas 
650 0 7 |a fyzioterapie  |7 ph120452  |2 czenas 
650 0 7 |a zdravý životní styl  |7 ph127592  |2 czenas 
650 0 9 |a mind and body  |2 eczenas 
650 0 9 |a performance  |2 eczenas 
650 0 9 |a psychic resistance  |2 eczenas 
650 0 9 |a physical fitness  |2 eczenas 
650 0 9 |a physiotherapy  |2 eczenas 
650 0 9 |a healthy lifestyle  |2 eczenas 
655 7 |a populárně-naučné publikace  |7 fd131864  |2 czenas 
655 7 |a příručky  |7 fd133209  |2 czenas 
655 9 |a popular works  |2 eczenas 
655 9 |a handbooks and manuals  |2 eczenas 
900 |a ABA001  |b 19 
928 9 |a Albatros Media - Vyšehrad 
044 |a xr 
910 |a RBIT002 
998 |d 423275  |a https://core.palmknihy.cz/api/books/423275/cover?taqi2q  |b https://core.palmknihy.cz/api/books/423275/cover/400?taqi2q  |c https://core.palmknihy.cz/api/books/423275/cover/50?taqi2q  |e 2035-12-31  |g 280  |i 9788026732884  |j https://core.palmknihy.cz/api/books/423275/preview.epub  |k https://core.palmknihy.cz/api/books/423275/preview.pdf  |l   |q 49  |r 1  |s https://www.palmknihy.cz/kniha/423275  |t ebook  |y 2025  |z 0 
999 |d 312851